Online
Catalog

Los mejores 50 / (Record no. 37676)

MARC details
000 -CABECERA
campo de control de longitud fija 00727nam a2200229 a 4500
001 - NÚMERO DE CONTROL
campo de control 000038186
003 - IDENTIFICADOR DEL NÚMERO DE CONTROL
campo de control DO-SdBNP
005 - FECHA Y HORA DE LA ÚLTIMA TRANSACCIÓN
campo de control 20260416191046.0
008 - DATOS DE LONGITUD FIJA--INFORMACIÓN GENERAL
campo de control de longitud fija 130320s2008 dr ac r 000 0 spa d
040 ## - FUENTE DE LA CATALOGACIÓN
Centro catalogador/agencia de origen DO-SdBNP
Lengua de catalogación spa
Centro/agencia transcriptor BNPHU
082 ## - NÚMERO DE LA CLASIFICACIÓN DECIMAL DEWEY
Número de clasificación 796.357092
Número de documento/Ítem M671m
100 1# - ENTRADA PRINCIPAL--NOMBRE DE PERSONA
Nombre de persona Mirabal, Franklin
9 (RLIN) 59791
245 14 - MENCIÓN DE TÍTULO
Título Los mejores 50 /
Mención de responsabilidad, etc. Franklín Mirabal ; prólogo Mario Álvarez Dúgan.
260 ## - PUBLICACIÓN, DISTRIBUCIÓN, ETC.
Lugar de publicación, distribución, etc. Santo Domingo :
Nombre del editor, distribuidor, etc. Corripio,
Fecha de publicación, distribución, etc. 2008.
300 ## - DESCRIPCIÓN FÍSICA
Extensión 149 p. :
Otras características físicas il., retrs.
590 ## - NOTA LOCAL (RLIN)
Nota local Inventariado, 2021 / DG
650 #4 - PUNTO DE ACCESO ADICIONAL DE MATERIA--TÉRMINO DE MATERIA
Término de materia o nombre geográfico como elemento de entrada Jugadores de beisbol
Subdivisión general Biografías
9 (RLIN) 59792
650 #4 - PUNTO DE ACCESO ADICIONAL DE MATERIA--TÉRMINO DE MATERIA
Término de materia o nombre geográfico como elemento de entrada Beisbol
Subdivisión geográfica República Dominicana
9 (RLIN) 36893
700 ## - PUNTO DE ACCESO ADICIONAL--NOMBRE DE PERSONA
Nombre de persona Alvarez Dugan, Mario
Fechas asociadas al nombre 1931-2008
Término indicativo de función/relación pról.
9 (RLIN) 23311
910 ## - DATOS DE OPCIÓN DEL USUARIO (OCLC)
Datos de opción del usuario D/G
942 ## - ELEMENTOS DE PUNTO DE ACCESO ADICIONAL (KOHA)
Fuente del sistema de clasificación o colocación Dewey Decimal Classification
Tipo de ítem Koha Libro
Holdings
Estado de retiro Estado de pérdida Fuente del sistema de clasificación o colocación Restricciones de uso No para préstamo Código de colección Localización permanente Ubicación/localización actual Ubicación en estantería Fecha de adquisición Total de préstamos Signatura topográfica completa Código de barras Fecha visto por última vez Precio válido a partir de Tipo de ítem Koha Número de copia Fuente de adquisición Nota pública
    Dewey Decimal Classification Préstamo en sala   Dominicana de Servicio Biblioteca Nacional Pedro Henríquez Ureña General Depósito 02.06.2021   BNPHU DS 796.357092 M671m 2021-1885 02.06.2021 02.06.2021 Libro y Folleto Colección Dominicana de Servicio e.3 donado por FUNDI  
    Dewey Decimal Classification Préstamo en sala   Dominicana de Servicio Biblioteca Nacional Pedro Henríquez Ureña General Depósito 02.06.2021   BNPHU DS 796.357092 M671m 2021-1886 02.06.2021 02.06.2021 Libro y Folleto Colección Dominicana de Servicio e.4 donado por FUNDI donado por FUNDI
    Dewey Decimal Classification Préstamo en sala   Dominicana de Servicio Biblioteca Nacional Pedro Henríquez Ureña General Depósito 02.06.2021   BNPHU DS 796.357092 M671m 2021-1887 02.06.2021 02.06.2021 Libro y Folleto Colección Dominicana de Servicio e.5 donado por FUNDI donado por FUNDI
    Dewey Decimal Classification Excluido de préstamo Excluido de préstamo Patrimonio Dominicano Biblioteca Nacional Pedro Henríquez Ureña Patrimonio Dominicano Depósito 20.03.2013   BNPHU PD 796.357092 M671m 38186-10 25.06.2020 25.06.2020 Libro y Folleto Colección Patrimonio Dominicano      
    Dewey Decimal Classification Excluido de préstamo Préstamo restrigido Patrimonio Dominicano Biblioteca Nacional Pedro Henríquez Ureña Patrimonio Dominicano Depósito 24.02.2014   BNPHU PD 796.357092 M671m 38186-20 25.06.2020 25.06.2020 Libro y Folleto Colección Patrimonio Dominicano e. 2    

Powered by Koha